| 000 | 01303nam a2200289 a 4500 | ||
|---|---|---|---|
| 001 | 000046167 | ||
| 003 | DO-SdBNP | ||
| 005 | 20250701122240.0 | ||
| 007 | ta | ||
| 008 | 150701e2001 dr gr s000 0 spa d | ||
| 040 |
_aDO-SdBNP _bspa _cBNPHU |
||
| 082 | 4 |
_bS446g _222 |
|
| 110 | 1 |
_aRepública Dominicana. _bSecretaría de Estado de Educación Superior, Ciencia y Tecnología _918778 |
|
| 245 | 1 | 0 |
_aGlosario de educación superior ciencia y tecnología : _b(proyecto) / _ccompilación, Rafael Emilio Bello, Gladys Almonte ; presentación, Andrés Reyes Rodríguez. |
| 260 |
_aSanto Domingo : _bSecretaría de Estado de Educación Superior, Ciencia y Tecnología, _c2001 |
||
| 300 |
_a178 p. ; _c21 cm. |
||
| 490 |
_aCiencia y tecnología; _v4 |
||
| 504 | _aBibliografía : p. 177-178 | ||
| 650 | 4 |
_98601 _aEducación superior _zRepública Dominicana _vDiccionarios |
|
| 700 | 1 | 2 |
_aBello, Rafael Emilio, _ecomp. _974209 |
| 700 | 1 | 2 |
_aAlmonte, Gladys _ecomp. _911287 |
| 700 | 1 | 2 |
_aReyes Rodríguez, Andrés, _epres. _974210 |
| 710 | 2 | 2 |
_aSecretaría de Estado de Educación Superior Ciencia y Tecnología (SEESCYT), República Dominicana. _974211 |
| 830 | 0 |
_aPublicación de la Secretaría de Estado de Educación Superior ; _966945 _n4 _pCiencia y tecnología. |
|
| 910 | _aMFeliz | ||
| 942 |
_2ddc _cLBS1 |
||
| 999 |
_c45656 _d45656 |
||